00366pab a2200133 454500008004000000100002500040245004600065260000900111300001500120362001200135650002300147650001800170773004400188180718b1966 xxu||||| |||| 00| 0 eng d aPanandiker, V.A. Pai aStaffing system in the central government c1966 ap.195-216. aApr-Jun aCentral government aCivil service aIndian Journal of Public Administration